000 00449nam a2200157 4500
005 20260116105304.0
020 _a9789386649539
082 _a332.632
_bMAN.S
084 _2Colon Classification
100 _aManchanda,S C
_98055
245 _aSecurity analysis and portfolio management
260 _a NewDelhi:
_bNew Age International,
_c2025.
300 _a530/-
650 _aPortfolio management
_vFinancial assets
_98056
942 _2ddc
_c GIF
999 _c755129
_d755129